NJ Municipalities - Cape May County - Statistics

General Stats
  • This quiz has been taken 221 times
  • The average score is 13 of 16
Answers on the Map
Answers color-coded by a green-red scale on the quiz's map according to % correct below.
 
Answer Stats
Answer % Correct
Cape May
99%
Wildwood
94%
North Wildwood
88%
Lower Township
84%
Middle Township
82%
Ocean City
82%
Upper Township
82%
Wildwood Crest
82%
West Wildwood
81%
Avalon
79%
Cape May Point
76%
Stone Harbor
75%
Dennis Township
73%
West Cape May
67%
Sea Isle City
64%
Woodbine
58%
No matching quizzes found
Score Distribution
Percent of People with Each Score
Percentile by Number Answered
Your Score History
You have not taken this quiz